00298nam a2200121Ia 4500008004100000100002500041245002700066260003500093300000700128650001700135942000700152999001700159190216s9999||||xx |||||||||||||| ||und|| aAbdul Al Ala Maududi 0aMarananthara Jeevitham bIslamic Publishing Housec2002 a15 aIslam Matham cBK c22082d22082